000 00827nam a22002297a 4500
005 20260424105052.0
008 260424b |||||||| |||| 00| 0 eng d
020 _a9789380363486 (pbk)
037 _cTB
040 _aCRL
_cCRL
041 _2hin
_ahin
084 _aO152,3NSI,DA Q0
_qCRL
100 _aसिंह, तारा
_91235579
245 _aदूसरी औरत
260 _aदिल्ली, भारत:
_bमीनाक्षी प्रकाशन,
_c2010.
300 _a120पृ.
365 _b60.00
_cINR
650 _aहिन्दी कहानी
650 _aहिन्दी साहित्य
942 _2CC
_cTB
_hO152,3NSI,DA Q0
_n0
999 _c1848487
_d1848487